000 00298nam a22001337a 4500
008 181107b xxu||||| |||| 00| 0 eng d
020 _a0030028116
041 _aeng
080 _a101
100 _a24
101 _aFIL
245 _aMoral Development and Behavior
_cLickona,Th
942 _2udc
_cBK
999 _c52070
_d52070